000 02908aam a2200361 a 4500
001 2161184
003 000035
005 20220326193245.0
008 980327s1998 nyu b 001 0 eng d
010 _a 98070100
020 _a1880559900
035 _a(OCoLC)38963416
035 _a(NNC)2161184
040 _aCL
_cCL
_dDLC
_dOrLoB-B
042 _alccopycat
050 0 0 _aBH201
_b.U53 1998
082 0 0 _a111/.85
_bB397u
_221
100 _aBeckley, Bill
_96939
245 0 0 _aUncontrollable beauty:
_btowards a new aesthetics /
_cedited by Bill Beckley with David Shapiro.
260 _aNew York :
_bAllworth Press :
_bSchool of Visual Arts,
_cc1998.
300 _axxiv, 423 p. ;
_c24 cm.
490 1 _aAesthetics today
504 _aIncludes bibliographical references and index.
505 0 0 _tIntroduction: Generosity and the Black Swan /
_rBill Beckley --
_tPreface /
_rDavid Shapiro --
_tLe Livre est sur la table /
_rJohn Ashbery --
_tOn Perfection, Coherence, and Unity of Form and Content /
_rMeyer Schapiro --
_tEnter the Dragon: On the Vernacular of Beauty /
_rDave Hickey --
_tBeauty and Morality /
_rArthur C. Danto --
_tBeauty and the Contemporary Sublime /
_rJeremy Gilbert-Rolfe --
_tNotes on Beauty /
_rPeter Schjeldahl --
_tContratemplates /
_rMarjorie Welish --
_tA Sign of Beauty /
_rRobert C. Morgan --
_tOn Platonic Cosmetics /
_rJacqueline Lichtenstein --
_tFreud with Kant? The Enigma of Pleasure /
_rHubert Damisch --
_tArousal by Image /
_rDavid Freedberg --
_tDoctor Lawyer Indian Chief: "Primitivism" in Twentieth-Century Art at the Museum of Modern Art in 1984 /
_rThomas McEvilley --
_tOn "Doctor Lawyer Indian Chief: 'Primitivism' in Twentieth-Century Art at the Museum of Modern Art in 1984" /
_rWilliam Rubin, Kirk Varnedoe and Thomas McEvilley --
505 8 0 _tOn "Doctor Lawyer Indian Chief": Part II /
_rWilliam Rubin and Thomas McEvilley --
_tOn the Claims and Critics of the "Primitivism" Show /
_rKirk Varnedoe --
_tThe Practice of Beauty /
_rJames Hillman --
_tOde to Willem de Kooning /
_rFrank O'Hara --
_tVenus Unveiled: De Kooning's Melodrama of Vulgarity /
_rDonald Kuspit --
_tThe Mind and Body of the Dreamer /
_rJohn Yau --
_tMondrian's Secret /
_rDavid Shapiro --
_tA Conversation between Julia Kristeva and Ariane Lopez-Huici /
_rJulia Kristeva and Ariane Lopez-Huici --
_tSunday Afternoons: A Conversation and a Remark on Beauty /
_rLouise Bourgeois --
_tSentences on the House and Other Sentences /
_rJohn Hejduk --
_tAunts /
_rMax Fierst --
_tOn Beauty /
_rKenneth Koch --
_tAn Aesthetic of the Cool /
_rRobert Farris Thompson --
_tThe Violet Hour: An Essay on Beauty /
_rCarter Ratcliff --
_tBeauty Is the Mystery of Life /
_rAgnes Martin.
650 0 _aAesthetics, Modern
_y20th century.
_913
650 0 _aArt criticism.
_914
700 1 _aBeckley, Bill,
_d1946-
_915
700 1 _aShapiro, David,
_d1947-
_916
800 _aShapiro, David
_96940
830 0 _aAesthetics today.
_917
900 _bTOC
999 _c7
_d7